000 01608cam a22004574i 4500
003 PE-LiUPU
005 20250731184528.0
008 150623s r 000 0 d
020 _a0415064546
035 _a(Sirsi) i9780415064545
040 _aPE-LiUPU
_bspa
_cPE-LiUPU
_erda
049 _aPRUA
082 0 4 _a932.01
_bR53
_221
100 1 _aRice, Michael,
_eautor.
245 1 0 _aEgypt's Making :
_bthe origins of ancient Egypt 5000-2000 BC /
_cMichael Rice.
264 1 _aNew York, NY :
_bRoutledge,
_c1993.
300 _a322 páginas :
_bilustraciones, gráficos ;
_c24 centímetros
336 _atext
_2rdacontent
337 _aunmediated
_2rdamedia
338 _avolume
_2rdacarrier
505 0 _aThe land of Egypt.- The roots of the Egyptian state.- The lords of the two lands.- Fulfilment and decline: the end.- Eastwards from Egypt.- C.G. Jung and the Egyptian experience.
526 _aP136
526 _aP135
526 _aP134
526 _aP133
526 _aP144
526 _aP143
526 _aP87
526 _aP35
526 _aP20
526 _aP14
526 _aP10
526 _aP06
650 0 4 _aEgipto
_xCivilización
_yA 332 a. de JC.
942 _2ddc
_cBOOK
949 _a932.01 R53
_wDEWEY
_c1
_i44483
_lCCODEBUL1
_mBUL
_r0
_sY
_tBOOK
_u2015-6-24
_xTEOLOGIA
_PP35
_0COMPRA
_o.STAFF. Colección General
994 _aC0
_bPEPRU
596 _a1
999 _a932.01 R53
_wDEWEY
_c21362
_i44483
_d21362
_f2021-11-11
_g5
_lCCODEBUL1
_mBUL
_q2
_r0
_sY
_tBOOK
_u2015-6-24
_xTEOLOGIA
_PP35
_0COMPRA
_o.STAFF. Colección General
980 _81
_gALBERTO SANCHEZ Responsable de Automatización